| 000 | 00628nam a2200181 a 4500 | ||
|---|---|---|---|
| 001 | 2488 | ||
| 003 | CO-ViMGA | ||
| 008 | 141112s2004 ck r 000 u spa d | ||
| 040 |
_aCO-ViMGA _bspa _cCO-ViMGA |
||
| 082 | 0 | 4 | _a639.3 S733 |
| 100 | 1 |
_aSteffens, Werner _951428 |
|
| 245 | 1 | 0 | _aPrincipios fundamentales de la alimentación de los peces |
| 260 |
_aZaragoza : _bAcriba, _c1987 |
||
| 300 | _a275 p : il | ||
| 505 | _aFundamentos del metabolismo 3 - - Constirución y función del canal digestivo 27 - - Nutrientes 49 - - Necesidades energéticas 138 - - Vitmainas 150 | ||
| 650 | 1 | 4 | _aPECES - ALIMENTACION |
| 942 |
_2ddc _cBK |
||
| 999 |
_c14567 _d14567 |
||